Gran Premi del Campionato mondiale di Formula 1 2008 - Statistics

Statistiche generali
  • Questo quiz è stato fatto 3 volte
  • Il punteggio medio è 11 su 18
Statistiche sulle risposte
Data Gran Premio % Corretto
2 novembre Gran Premio del Brasile
100%
12 ottobre Gran Premio del Giappone
100%
20 luglio Gran Premio di Germania
100%
27 aprile Gran Premio di Spagna
100%
14 settembre Gran Premio d'Italia
100%
16 marzo Gran Premio d'Australia
67%
7 settembre Gran Premio del Belgio
67%
8 giugno Gran Premio del Canada
67%
19 ottobre Gran Premio di Cina
67%
22 giugno Gran Premio di Francia
67%
6 aprile Gran Premio del Bahrein
33%
23 marzo Gran Premio della Malesia
33%
24 agosto Gran Premio d'Europa
33%
6 luglio Gran Premio di Gran Bretagna
33%
25 maggio Gran Premio di Monaco
33%
28 settembre Gran Premio di Singapore
33%
11 maggio Gran Premio di Turchia
33%
3 agosto Gran Premio d'Ungheria
33%
Nessun quiz corrispondente trovato
Distribuzione punteggi
Percentuale di utenti per punteggio
Percentile per numero di risposta
I tuoi punteggi nel tempo
Non hai fatto questo quiz